Derecho penal del trabajo: una mirada de doble va̕

Detalles Bibliográficos
Autor principal: Posada Maya, Ricardo
Otros Autores: Muǫz Segura, Ana Mara̕
Formato: eBook
Lenguaje:español
Publicado: Bogot:̀ Universidad de Los Andes (Colombia), 2017
Materias:
Acceso en línea:Acceso restringido

MARC

LEADER 00000nam a22000007a 4500
005 2019051600040.0
007 cr|||| ||||
008 190516s2017 co |||||s|||| 00||0 spa d
020 |a 978-958-749-734- 2 
035 |a 23329 
040 |a vLex 
090 |c 8727  |d 8727 
100 1 |a Posada Maya, Ricardo 
245 1 0 |a Derecho penal del trabajo: una mirada de doble va̕  |h [Recurso electrn̤ico] /  |c Ricardo Posada Maya, Ana Mara̕ Muǫz Segura 
256 |a Servicio en ln̕ea 
260 |a Bogot:̀  |b Universidad de Los Andes (Colombia),  |c 2017 
300 |a 1 recurso electrn̤ico 
500 |a Uno de los temas jurd̕icos menos tratados en Iberoamřica por la doctrina y la jurisprudencia es el que se refiere al derecho penal del trabajo, a pesar de los enormes abusos y violaciones a los derechos de los trabajadores formales e informales en nuestro medio, todo ello, a partir de un sistema econm̤ico que desprotege estructuralmente los derechos fundamentales de las personas inmersas en las relaciones de trabajo. El presente trabajo acadm̌ico busca estudiar la necesidad de reforzar el derecho penal del trabajo en nuestro medio, determinar y estudiar la clase de comportamientos que debera̕n ser sancionados en este especial m̀bito jurd̕ico, analizar el alcance del bien jurd̕ico protegido, los vaco̕s legales que se advierten en esta materia y la relacin̤ que debe existir en entre el derecho penal y el derecho laboral, en clave de los principios de subsidiariedad y ultima ratio. Adems̀, es una importante oportunidad para reflexionar sobre la eficacia de esta clase de delitos frente a acciones constitucionales como la accin̤ de tutela y las acciones ordinarias de naturaleza laboral. Las reflexiones aqu ̕recopiladas tambiň ponen de presente la peligrosa separacin̤ que existe entre la proteccin̤ semǹtica de los derechos laborales (en particular la libertad laboral, la integridad de los trabajadores y los derechos de huelga y asociacin̤), y la proteccin̤ real de tales derechos en la prc̀tica por parte de los tribunales, a lo cual, sin duda, contribuye el poco desarrollo del tema por parte de la doctrina nacional. Precisamente, esta separacin̤ entre las normas jurd̕icas y la proteccin̤ real de los derechos laborales se alimenta de la indiferencia social, usualmente acompaąda por una actitud hostil contra la proteccin̤ de la clase trabajadora, que tiene consecuencias negativas en nuestra sociedad. 
506 1 |a Disponible solo en los productos indicados  |d vLex Global  |d vLex Global (Academic Edition, excluding Law Schools)  |d vLex Global (U.S. Academic Edition, Law Schools)  |d vLex Global (U.S. Academic Edition, excluding Law Schools)  |d vLex Global (Academic Edition, Law Schools) 
650 0 4 |a Derecho Laboral y Seguridad Social  |z Colombia 
650 0 4 |a Derecho Penal  |z Colombia 
650 0 4 |a Procedimiento Penal  |z Colombia 
700 1 |a Muǫz Segura, Ana Mara̕ 
740 0 |a vLex Libros (Servicio en ln̕ea) 
856 4 0 |u http://vlex.com/source/derecho-penal-del-trabajo-una-mirada-de-doble-via-23329  |z Acceso restringido 
942 |c BOOK 
999 0 |a Labor Law and Social Security 
999 0 |a Criminal Law 
999 0 |a Criminal Procedure